| 000 | 00445nam a2200157 a 4500 | ||
|---|---|---|---|
| 001 | 000022156 | ||
| 005 | 20200930011615.0 | ||
| 008 | 100917s1983 dr ac 001 0 spa d | ||
| 040 |
_aDO-SdBNP _bspa _cBNPHU |
||
| 082 |
_axxxx _bG887p |
||
| 100 | 1 |
_aGrullón, Ruddy _911028 |
|
| 245 | 1 | 4 |
_aLos padres de la patria / _cRuddy Grullón. |
| 260 |
_aSanto Domingo : _bAlfa y Omega, _c1983. |
||
| 300 |
_a103 P. : _bil., retrs. ; _c17 cm. |
||
| 049 | _aBNPD | ||
| 999 |
_c21654 _d21654 |
||